<?xml version="1.0" encoding="UTF-8"?>
<record
    xmlns:xsi="http://www.w3.org/2001/XMLSchema-instance"
    xsi:schemaLocation="http://www.loc.gov/MARC21/slim http://www.loc.gov/standards/marcxml/schema/MARC21slim.xsd"
    xmlns="http://www.loc.gov/MARC21/slim">

  <leader>01447nam a22001817a 4500</leader>
  <controlfield tag="003">IT-RoPau</controlfield>
  <controlfield tag="005">20220918181222.0</controlfield>
  <controlfield tag="008">141004b        xxu||||| |||| 00| 0 eng d</controlfield>
  <datafield tag="040" ind1=" " ind2=" ">
    <subfield code="c">IT-RoPau</subfield>
  </datafield>
  <datafield tag="100" ind1=" " ind2=" ">
    <subfield code="a">Istituto Regina Apostolorum (Apostoline)</subfield>
    <subfield code="9">33996</subfield>
  </datafield>
  <datafield tag="245" ind1=" " ind2=" ">
    <subfield code="a">Se vuoi... - 1975</subfield>
    <subfield code="b">Vieni e seguimi</subfield>
  </datafield>
  <datafield tag="260" ind1=" " ind2=" ">
    <subfield code="a">Castelgandolfo (Roma)</subfield>
    <subfield code="b">Istituto Regina Apostolorum (Apostoline)</subfield>
    <subfield code="c">1975</subfield>
  </datafield>
  <datafield tag="300" ind1=" " ind2=" ">
    <subfield code="c">18, 5 cm</subfield>
  </datafield>
  <datafield tag="490" ind1=" " ind2=" ">
    <subfield code="a">Se vuoi...</subfield>
    <subfield code="v">Anno XVI - 1975</subfield>
  </datafield>
  <datafield tag="500" ind1=" " ind2=" ">
    <subfield code="a">Manca  Se vuoi... 1975 - Anno XVI - n. 1</subfield>
  </datafield>
  <datafield tag="520" ind1=" " ind2=" ">
    <subfield code="a">Indice
Anno XVI &#x2013; n. 2
G. Verani &#x2013; G. Crespy &#x2013; M. Lepori &#x2013; Paolo VI &#x2013; C. Castagnetti &#x2013; Un prete &#x2013; D. L. &#x2013; Lorenza &#x2013; C.A. Libanio Christo &#x2013; D. Spoletini &#x2013; B. Cadorin
Anno XVI &#x2013; n. 3
 G. Verani &#x2013; P. Neruda &#x2013; A. Penna &#x2013; E. Gatti &#x2013; C. Castagnetti &#x2013; D. Spoletini &#x2013; B. Cadorin
Anno XVI &#x2013; n. 4
G. Verani &#x2013; J. de Lima &#x2013; G. Marasso &#x2013; E. Gatti &#x2013; C. Castegnetti &#x2013; Comunit&#xE0; giovan. Di Panama &#x2013; N. V. Peale -   H. C&#xE2;mara &#x2013; Pearl S. Bruck &#x2013; B. Cadorin &#x2013; J. Merrien
Anno XVI &#x2013; n. 5
G. Verani &#x2013; M. D. Chenu &#x2013; Paolo VI &#x2013; E. Gatti &#x2013; C. Castagnetti &#x2013; Daniele &#x2013; Y. Hautin &#x2013; Susanna &#x2013; T. Richardson &#x2013; B. Cadorin
Anno XVI &#x2013; n. 6
G. Verani &#x2013; Pedro giovane portoghese &#x2013; G. Piana &#x2013; E. Gatti &#x2013; C. Castegnetti &#x2013; R. S. Asia &#x2013; Una monaca di clausura &#x2013; R. Follereau &#x2013; V. Biavati &#x2013; D. Spoletini &#x2013; B. Cadorin &#x2013; A. J. Cronin
</subfield>
  </datafield>
  <datafield tag="942" ind1=" " ind2=" ">
    <subfield code="2">ddc</subfield>
    <subfield code="c">BK</subfield>
  </datafield>
  <datafield tag="999" ind1=" " ind2=" ">
    <subfield code="c">104514</subfield>
    <subfield code="d">104514</subfield>
  </datafield>
  <datafield tag="952" ind1=" " ind2=" ">
    <subfield code="0">0</subfield>
    <subfield code="1">0</subfield>
    <subfield code="2">ddc</subfield>
    <subfield code="4">0</subfield>
    <subfield code="6">P_E2</subfield>
    <subfield code="7">1</subfield>
    <subfield code="a">PAULUS</subfield>
    <subfield code="b">PAULUS</subfield>
    <subfield code="d">2014-10-04</subfield>
    <subfield code="l">0</subfield>
    <subfield code="o">P E2</subfield>
    <subfield code="r">2014-10-04 00:00:00</subfield>
    <subfield code="w">2014-10-04</subfield>
    <subfield code="y">BK</subfield>
  </datafield>
  <datafield tag="952" ind1=" " ind2=" ">
    <subfield code="0">0</subfield>
    <subfield code="1">0</subfield>
    <subfield code="2">ddc</subfield>
    <subfield code="4">0</subfield>
    <subfield code="6">P_E2</subfield>
    <subfield code="7">1</subfield>
    <subfield code="a">PAULUS</subfield>
    <subfield code="b">PAULUS</subfield>
    <subfield code="d">2014-10-04</subfield>
    <subfield code="l">0</subfield>
    <subfield code="o">P E2</subfield>
    <subfield code="r">2014-10-04 00:00:00</subfield>
    <subfield code="w">2014-10-04</subfield>
    <subfield code="y">BK</subfield>
  </datafield>
</record>
